Score 0/12 Timer 04:00
0 Plays Today
Question Answer Wrong Answers
Character
Woody
Toy Story
92%
Cars
1%
Character
Lightning McQueen
Cars
90.1%
Toy Story
2.9%
Number of films
4
Toy Story
89.1%
Cars
3%
Year started
1995
Toy Story
88.6%
Cars
3%
Short Film
Mater and the Ghostlight
Cars
88%
Toy Story
5.4%
Year started
2006
Cars
86.7%
Toy Story
6%
Number of films
3
Cars
85.8%
Toy Story
7.5%
Awards
Original Song, Oscar
Toy Story
82.5%
Cars
10.7%
Quote
''Whatever you do, DO NOT EAT... the free pistachio ice cream. It has TURNED.''
Cars
72.2%
Toy Story
19.6%
Quote
''I'm Trash!''
Toy Story
69.4%
Cars
23.5%
Short Film
Hawaiian Vacation
Toy Story
69.2%
Cars
24.5%
Awards
Best Animated Feature, Golden Globes
Cars
48.4%
Toy Story
43.7%
Remove Ads.
Support Sporcle.
Get the best of Sporcle when you Go Orange. This ad-free experience offers more features, more stats, and more fun while also helping to support Sporcle. Thank you for becoming a member.

You're not logged in!

Compare scores with friends on all Sporcle quizzes.
OR
Log In

Sporcle TV

Today on Sporcle TV


Watch our educational content, quiz creation guides, and fun videos on Sporcle TV.

Show Comments

Extras

Top Quizzes Today


Score Distribution

Paid Content

Your Account Isn't Verified!

In order to create a playlist on Sporcle, you need to verify the email address you used during registration. Go to your Sporcle Settings to finish the process.

Report this User

Report this user for behavior that violates our Community Guidelines.

Details: